Cases and materials on criminal law / (Record no. 3808)
[ view plain ]
| 000 -LEADER | |
|---|---|
| fixed length control field | 00667cam a2200241 a 4500 |
| 003 - CONTROL NUMBER IDENTIFIER | |
| control field | ALUPE UNIVERSITY |
| 005 - DATE AND TIME OF LATEST TRANSACTION | |
| control field | 20220707105106.0 |
| 008 - FIXED-LENGTH DATA ELEMENTS--GENERAL INFORMATION | |
| fixed length control field | 040225s2003 mnu b 001 0 eng |
| 020 ## - INTERNATIONAL STANDARD BOOK NUMBER | |
| International Standard Book Number | 9780314274656 |
| 020 ## - INTERNATIONAL STANDARD BOOK NUMBER | |
| International Standard Book Number | 9780314274656 |
| 040 ## - CATALOGING SOURCE | |
| Transcribing agency | ALUPE UNIVERSITY |
| 043 ## - GEOGRAPHIC AREA CODE | |
| Geographic area code | n-us--- |
| 049 ## - LOCAL HOLDINGS (OCLC) | |
| Holding library | JHEE |
| 050 00 - LIBRARY OF CONGRESS CALL NUMBER | |
| Classification number | KF9618 |
| Item number | .D68 2010 |
| 100 1# - MAIN ENTRY--PERSONAL NAME | |
| Personal name | Dressler, Joshua. |
| 245 10 - TITLE STATEMENT | |
| Title | Cases and materials on criminal law / |
| Statement of responsibility, etc. | by Joshua Dressler. |
| 250 ## - EDITION STATEMENT | |
| Edition statement | 3rd ed. |
| 260 ## - PUBLICATION, DISTRIBUTION, ETC. | |
| Place of publication, distribution, etc. | St. Paul, MN : |
| Name of publisher, distributor, etc. | Thomson/West, |
| Date of publication, distribution, etc. | c2010. |
| 300 ## - PHYSICAL DESCRIPTION | |
| Extent | Vii, 202 p. ; |
| Dimensions | 25 cm. + |
| 650 #0 - SUBJECT ADDED ENTRY--TOPICAL TERM | |
| Topical term or geographic name entry element | Criminal law |
| Geographic subdivision | United States |
| Form subdivision | Cases. |
| 910 ## - USER-OPTION DATA (OCLC) | |
| User-option data | 2647586 |
| 942 ## - ADDED ENTRY ELEMENTS (KOHA) | |
| Source of classification or shelving scheme | |
| Koha item type | Book |
| Suppress in OPAC | WO |
| Withdrawn status | Lost status | Source of classification or shelving scheme | Damaged status | Not for loan | Permanent Location | Current Location | Shelving location | Date acquired | Source of acquisition | Total Checkouts | Full call number | Barcode | Date last seen | Price effective from | Koha item type | Public note | Copy number |
|---|---|---|---|---|---|---|---|---|---|---|---|---|---|---|---|---|---|
| AU LIBRARY | AU LIBRARY | Open Shelf | 11.02.2022 | DONATION FROM MOI UNIVERSITY | KF961 .D74 2010 | 28005425 | 11.02.2022 | 11.02.2022 | Book | WO | |||||||
| AU LIBRARY | AU LIBRARY | Open Shelf | 22.06.2022 | DONATION FROM MOI UNIVERSITY | KF961 .D74 2011 C2 | 28008061 | 22.06.2022 | 22.06.2022 | Book | WO | 2 |